1904 1127 1488 1581 1017 1329 1736 1402 1558 1395 1953 1053 1620 1396 1344 1398 1992 1969 1932 1034 1862 1753 1510 1899 1807 1282 1979 1404 1809 1090 1141 1400 1014 1613 1918 1895 1011 1377 1803 1590 1570 1368 1207 1146 1573 1169 1726 1848 1938 1686 1107 1635 1227 1640 1287 1639 1101 1405 1780 1325 1789 1066 1063 1254 1373 1856 1520 1599 1502 1778 1468 1647 1424 1879 1605 1556 1698 1907 1537 1762 1100 1390 1109 1368 1228 1401 1562 1266 1101 1189 1349 1098 1368 1809 1165 1815 1189 1886 1194 BCNSPRNW ULIB Ver.6.0+V

เปลี่ยนเป็นภาษาไทย

Change to English
 แสดงรายละเอียดบรรณานุกรม
  กลับหน้าหลัก

Brief Record : Get Marc (ISO 2709) : E-mail record : QR code < ปิดหน้าต่าง
LEADER : 00000nam 2200000uu 4500
001    13399113470
003     ULIB
008    111121s2552||||th 000 0 tha d
020    ^a9786110300735
060 04 ^aQZ200^bธ321ม
100 0  ^aธรรมปราโมทย์
245 10 ^aมะเร็งไม่น่ากลัวอย่างที่คิด /^cรวบรวมเรียบเรียงธรรมปราโมทย์
250    ^aพิมพ์ครั้งที่ 2
260    ^aกรุงเทพฯ :^bธรรมสภา สถาบันบันลือธรรม,^c2552
300    ^a281 หน้า :^bภาพประกอบสี ;^c22 ซม.
500    ^aชื่อเรื่องจากปกนอก
650  7 ^aมะเร็ง
650  7 ^aมะเร็ง^xการรักษา
650  7 ^aมะเร็ง^xผู้ป่วย^xการดูแล
710 2  ^aสถาบันบันลือธรรม
945    ^p180^l0^i16106
995    ^aกัณชพร
999    ^aใช้งานได้ทุกระบบ
รายการนี้ยังไม่มีแท็ก
คุณยังไม่ได้ล็อกอิน คุณสามารถมีกิจกรรมร่วมกับเว็บไซต์ได้ แต่ต้องล็อกอินก่อน ::
  ล็อกอิน

รายการสื่อสารสนเทศ

ลำดับที่ ประเภท เลขเรียก/บาร์โค้ด สถานที่ สถานะ
- ไม่พบข้อมูล -

รายการใกล้เคียง
    ผู้แต่ง [ธรรมปราโมทย์]

    หัวเรื่อง [มะเร็ง]
    หัวเรื่อง [มะเร็ง การรักษา]
    หัวเรื่อง [มะเร็ง ผู้ป่วย การดูแล]

BibComment


ยังไม่เคยถูกคอมเมนท์

คอมเมนท์ทรัพยากรรายการนี้
  คอมเมนท์: มะเร็งไม่น่ากลัว..


 Copyright 2026. Bcnsprnw @Library